| 000 | 00790cam a2200229 4500 | ||
|---|---|---|---|
| 008 | 090401t1993 xxu||||| |||| 00| 0 eng d | ||
| 020 | _a0471941654 | ||
| 035 | _a(Sirsi) u90816 | ||
| 041 | _aeng | ||
| 050 |
_a631.1 _c18 |
||
| 100 | _aBennett, Peter | ||
| 245 | _aNotes on insolvency and agriculture | ||
| 260 |
_aLondon _bWiley Chancery Law Publishing _c1993 |
||
| 300 |
_aviii, 55p. _c21cm. |
||
| 350 | _a9.95 | ||
| 520 | _aA concise guide aimed at the non-specialist advising farms and other agricultural businesses on insolvency matters. Sets out the insolvency procedures and discusses their possible consequences for the business. | ||
| 690 | _aMANAGEMENT-CORPORATE RECOVERY | ||
| 700 | _aWomack, Michael | ||
| 710 |
_aAgriLaw _92840 |
||
| 942 | _n0 | ||
| 948 | _c04/03/1997 | ||
| 999 |
_c97586 _d97586 |
||